Numbers and geometry /
Guardado en:
| Autor Principal: | |
|---|---|
| Formato: | Libro |
| Idioma: | English |
| Publicado: |
New York :
Springer,
c1998.
|
| Series: | Undergraduate texts in mathematics. Readings in mathematics
|
| Etiquetas: |
Agregar Etiqueta
Sin Etiquetas, Sea el primero en etiquetar este registro!
|
| LEADER | 00550nam a22001695a 4500 | ||
|---|---|---|---|
| 001 | MAT.inmabb000172 | ||
| 008 | 970522s1998####nyua#####b####001#0#eng## | ||
| 005 | 20130314175432.0 | ||
| 245 | 1 | 0 | |a Numbers and geometry / |c John Stillwell. |
| 260 | |a New York : |b Springer, |c c1998. | ||
| 300 | |a xiv, 339 p. ; |c 25 cm. | ||
| 440 | 0 | |a Undergraduate texts in mathematics. |p Readings in mathematics | |
| 510 | 4 | |a MR, |c 98i:00002 | |
| 020 | |a 0387982892 | ||
| 100 | 1 | |a Stillwell, John. | |
| 084 | |a 00A05 (00-01 11-01 51-01) |2 msc2000 | ||
| 859 | |h 00A05 |i St857 |p A-7883 |b BIB. MATEMATICA | ||
